Southville International School and Colleges
Your cart is empty.
  • Cart
  • Lists
    Public lists Eva Luna New books Lux_list list_1
    Your lists Log in to create your own lists
  • Log in to your account
  • Your cookies
  • Search history
Southville International School and Colleges
  • Advanced search
  • Recent comments
  • Most popular
  • Libraries

Log in to your account

Log in with GOOGLE


If you do not have an external account, but do have a local account, you can still log in:

  1. Home
  2. MARC view: Media/Reader :
Normal view MARC view ISBD view

Media/Reader : (Record no. 39254)

[ view plain ]
MARC details
000 -LEADER
fixed length control field 00680nam a2200217 a 4500
005 - DATE AND TIME OF LATEST TRANSACTION
control field 20140311163003.0
008 - FIXED-LENGTH DATA ELEMENTS--GENERAL INFORMATION
fixed length control field 970101s19uu xx 00 eng d
020 ## - INTERNATIONAL STANDARD BOOK NUMBER
International Standard Book Number 0534190863
050 ## - LIBRARY OF CONGRESS CALL NUMBER
Classification number HM 258
Item number .M3745 1993
100 ## - MAIN ENTRY--PERSONAL NAME
Personal name Biagi,Shirley
245 ## - TITLE STATEMENT
Title Media/Reader :
Remainder of title perspectives on mass media,industries, effects, and issues /
Statement of responsibility, etc Shirley Biagi.
250 ## - EDITION STATEMENT
Edition statement 2nd ed.
260 ## - PUBLICATION, DISTRIBUTION, ETC. (IMPRINT)
Place of publication, distribution, etc Belment, CA :
Name of publisher, distributor, etc Wadsworth Pub.,
Date of publication, distribution, etc 1993.
300 ## - PHYSICAL DESCRIPTION
Extent xvi, 340 p.,
Dimensions 24 cm.
500 ## - GENERAL NOTE
General note Includes bibliographical references and index.
521 ## - TARGET AUDIENCE NOTE
Target audience note
650 ## - SUBJECT ADDED ENTRY--TOPICAL TERM
Topical term or geographic name as entry element Mass media
General subdivision Social aspects
650 ## - SUBJECT ADDED ENTRY--TOPICAL TERM
Topical term or geographic name as entry element Mass media
General subdivision Social aspects
-- U.S.
942 ## - ADDED ENTRY ELEMENTS (KOHA)
Koha item type Books
Source of classification or shelving scheme Library of Congress Classification
Call number prefix Foreign
Holdings
Withdrawn status Lost status Source of classification or shelving scheme Damaged status Home library Current library Shelving location Date acquired Total Checkouts Full call number Barcode Date last seen Copy number Price effective from Koha item type
    Library of Congress Classification   College Library College Library General Circulation Section 01/11/2014   HM 258 .M3745 1993 C2304 05/15/2018 1 01/11/2014 Books

Media/Reader :

APA

Biagi S., . (1993). Media/Reader. Belment, CA: Wadsworth Pub.

Chicago

Biagi Shirley, . 1993. Media/Reader. Belment, CA: Wadsworth Pub.

Harvard

Biagi S., . (1993). Media/Reader. Belment, CA: Wadsworth Pub.

MLA

Biagi Shirley, . Media/Reader. Belment, CA: Wadsworth Pub. 1993.

  • Place hold
  • Print
  • Cite
  • Add to your cart (remove)
  • Save record
    BIBTEX Dublin Core MARCXML MARC (non-Unicode/MARC-8) MARC (Unicode/UTF-8) MARC (Unicode/UTF-8, Standard) MODS (XML) RIS
  • More searches
    Search for this title in:
    Other Libraries (WorldCat) Other Databases (Google Scholar) Online Stores (Bookfinder.com) Open Library (openlibrary.org)

Exporting to Dublin Core...

SOUTHVILLE LIBRARY

Southville International School and Colleges Library

1281 Tropical Ave. Cor. Luxembourg St., BF Homes International, Las Pinas City

Tel. No. 8256374 / 252358 Loc. 117/146

Powered by Koha